Orte im EC Niedersachsen - Statistiken

Allgemein
  • Dieses Quiz wurde 21 mal gespielt
    13 seit der letzten Aktualisierung
  • Das Durchschnittsergebnis liegt bei 8 aus 55
Antwortstatistiken
EC-Ort Kreisverband oder Netzwerk % Korrekt
Aurich EC Ostfriesland
75%
Emden EC Ostfriesland
75%
Leer EC Ostfriesland
75%
Oldenburg EC Ostfriesland
58%
Osnabrück EC Netzwerg
58%
Celle EC Netzwerg
42%
Hildesheim EC Netzwerg
42%
Göttingen EC Netzwerg
42%
Bremen EC Unterweser
33%
Braunschweig EC Netzwerg
33%
Verden EC Unterweser
33%
Wolfsburg EC Ohof
33%
Burgdorf EC Netzwerg
25%
Gifhorn EC Ohof
25%
Hameln EC Schaumburg-Weser
25%
Stadthagen EC Schaumburg-Weser
25%
Winsen EC Nordheide
25%
Altenau EC Niedersachsen
17%
Bückeburg EC Schaumburg-Weser
17%
Langenhagen EC Netzwerg
17%
Hannover-Plinke EC Netzwerg
8%
Müden EC Ohof
8%
Osterholz-Scharmbeck EC Unterweser
8%
Rhauderfehn EC Ostfriesland
8%
Berenborstel EC Netzwerg
0%
Berumerfehn EC Ostfriesland
0%
Brackel EC Nordheide
0%
Daverden EC Unterweser
0%
Detern EC Ostfriesland
0%
Südharz EC Netzwerg
0%
Drennhausen EC Nordheide
0%
Filsum EC Ostfriesland
0%
Fintel EC Nordheide
0%
Firrel EC Ostfriesland
0%
Gödenstorf EC Nordheide
0%
Hannover 459 EC Netzwerg
0%
Hannover-Nord EC Netzwerg
0%
Hohnhorst EC Schaumburg-Weser
0%
Hollen EC Ostfriesland
0%
Holtland EC Ostfriesland
0%
Hützel EC Nordheide
0%
Ihrhove EC Ostfriesland
0%
Lammertsfehn EC Ostfriesland
0%
Ohlendorf EC Nordheide
0%
Pattensen EC Nordheide
0%
Riepe EC Ostfriesland
0%
Spetzerfehn EC Ostfriesland
0%
Steinhude EC Schaumburg-Weser
0%
Tiddische EC Ohof
0%
Uplengen EC Ostfriesland
0%
Visselhövede EC Nordheide
0%
Völksen EC Schaumburg-Weser
0%
Walle EC Ostfriesland
0%
Weener EC Ostfriesland
0%
Wymeer EC Ostfriesland
0%
Keine übereinstimmenden Quizze gefunden
Verteilung der Resultate
Anzahl Personen mit jedem Resultat
Perzentil nach korrekt beantworteten Fragen
Ihre Resultats-Entwicklung
Sie haben dieses Quiz seit der letzten Aktualisierung nicht gespielt